Normal view
MARC view
- Qazi Muhammad Zahid al- Haseni
Entry Personal Name
001 - CONTROL NUMBER
- control field: 109296
003 - CONTROL NUMBER IDENTIFIER
- control field: NUST
005 - DATE AND TIME OF LATEST TRANSACTION
- control field: 20230221103047.0
008 - FIXED-LENGTH DATA ELEMENTS
- fixed length control field: 230221|| aca||aabn | a|a d
040 ## - CATALOGING SOURCE
- Original cataloging agency: NUST
- Transcribing agency: NUST
100 ## - HEADING--PERSONAL NAME
- Personal name: Qazi Muhammad Zahid al- Haseni
670 ## - SOURCE DATA FOUND
- Source citation: Work cat.: (NUST)194134: Qazi Muhammad Zahid al- Haseni, Darse Qquran Majeed /
